[Event "MPJ-Blitz-D12"]
[Site "Katowice"]
[Date "2015.08.15"]
[Round "21.2"]
[White "Harazinska, Magdalena"]
[Black "Tomczak, Marta"]
[Result "1-0"]
[BlackElo "1276"]
[WhiteElo "1499"]

1. d4 {[%clk 0:03:03]} d5 {[%clk 0:03:04]} 2. c4 e6 {[%clk 0:03:05]} 3. Nc3
{[%clk 0:03:06]} Nf6 {[%clk 0:03:06]} 4. cxd5 {[%clk 0:03:07]} exd5
{[%clk 0:03:08]} 5. Bg5 {[%clk 0:03:08]} Be7 {[%clk 0:03:08]} 6. e3
{[%clk 0:03:09]} O-O {[%clk 0:03:08]} 7. Qc2 {[%clk 0:03:10]} Nc6
{[%clk 0:03:09]} 8. Bd3 {[%clk 0:03:06]} Be6 {[%clk 0:03:09]} 9. Bxf6
{[%clk 0:03:03]} Bxf6 {[%clk 0:03:10]} 10. Bxh7+ {[%clk 0:03:04]} Kh8
{[%clk 0:03:11]} 11. Bf5 {[%clk 0:03:03]} Bxf5 {[%clk 0:03:07]} 12. Qxf5
{[%clk 0:03:04]} Re8 {[%clk 0:03:04]} 13. Qxd5 {[%clk 0:02:53]} Qe7
{[%clk 0:02:56]} 14. Nge2 {[%clk 0:02:48]} Rad8 {[%clk 0:02:57]} 15. Qf3
{[%clk 0:02:46]} Qb4 {[%clk 0:02:43]} 16. O-O {[%clk 0:02:39]} Rb8
{[%clk 0:02:32]} 17. Nd5 {[%clk 0:02:25]} Qxb2 {[%clk 0:02:03]} 18. Nxf6
{[%clk 0:02:25]} gxf6 {[%clk 0:02:04]} 19. Qxf6+ {[%clk 0:02:26]} Kg8
{[%clk 0:02:05]} 20. Nf4 {[%clk 0:02:27]} Qb5 {[%clk 0:01:50]} 21. d5
{[%clk 0:02:12]} Ne7 {[%clk 0:01:36]} 22. Nh5 {[%clk 0:02:10]} Nf5
{[%clk 0:01:23]} 23. Qxf5 {[%clk 0:02:06]} Kf8 {[%clk 0:01:18]} 24. Nf6
{[%clk 0:01:54]} Red8 {[%clk 0:01:14]} 25. Nh7+ {[%clk 0:01:48]} Ke8
{[%clk 0:01:10]} 26. Qe5+ {[%clk 0:01:44]} Kd7 {[%clk 0:01:07]} 27. Rac1
{[%clk 0:01:40]} c5 {[%clk 0:01:00]} 28. dxc6+ {[%clk 0:01:35]} bxc6
{[%clk 0:01:01]} 29. Rfd1+ {[%clk 0:01:19]} Kc8 {[%clk 0:01:00]} 30. Qxb5
{[%clk 0:01:15]} Rxb5 {[%clk 0:01:00]} 31. Rxc6+ {[%clk 0:01:13]} Kb7
{[%clk 0:00:56]} 32. Rcc1 {[%clk 0:01:10]} Rb8 {[%clk 0:00:44]} 33. h3
{[%clk 0:01:10]} Rh8 {[%clk 0:00:43]} 34. Nf6 {[%clk 0:01:11]} Rb2
{[%clk 0:00:36]} 35. Rb1 {[%clk 0:01:11]} Rxb1 {[%clk 0:00:36]} 36. Rxb1+
{[%clk 0:01:13]} Ka6 {[%clk 0:00:37]} 37. Nd7 {[%clk 0:01:13]} Ka5
{[%clk 0:00:38]} 38. Nc5 {[%clk 0:01:10]} Re8 {[%clk 0:00:36]} 39. a4
{[%clk 0:01:11]} a6 {[%clk 0:00:34]} 40. g4 {[%clk 0:00:56]} Re7 {[%clk 0:00:32]}
41. Kg2 {[%clk 0:00:53]} Rc7 {[%clk 0:00:27]} 42. Ne4 {[%clk 0:00:44]} Re7
{[%clk 0:00:26]} 43. Nc3 {[%clk 0:00:42]} Rc7 {[%clk 0:00:25]} 44. Rb3
{[%clk 0:00:41]} Rc5 {[%clk 0:00:21]} 45. f4 {[%clk 0:00:36]} f6 {[%clk 0:00:20]}
46. Kf3 {[%clk 0:00:36]} Rc6 {[%clk 0:00:19]} 47. h4 {[%clk 0:00:35]} Rc7
{[%clk 0:00:14]} 48. h5 {[%clk 0:00:36]} Rh7 {[%clk 0:00:15]} 49. Ne4
{[%clk 0:00:32]} f5 {[%clk 0:00:14]} 50. Nf6 {[%clk 0:00:31]} fxg4+
{[%clk 0:00:13]} 51. Kxg4 {[%clk 0:00:31]} Rf7 {[%clk 0:00:14]} 52. Kg5
{[%clk 0:00:32]} Kxa4 {[%clk 0:00:12]} 53. Rb6 {[%clk 0:00:31]} Ka5
{[%clk 0:00:11]} 54. Re6 {[%clk 0:00:31]} Kb4 {[%clk 0:00:12]} 55. Rxa6
{[%clk 0:00:31]} Rg7+ {[%clk 0:00:11]} 56. Kh6 {[%clk 0:00:30]} Rf7
{[%clk 0:00:12]} 57. Kg6 {[%clk 0:00:31]} Rc7 {[%clk 0:00:12]} 58. h6
{[%clk 0:00:32]} Rc8 {[%clk 0:00:13]} 59. h7 {[%clk 0:00:33]} Rh8
{[%clk 0:00:14]} 60. Kg7 {[%clk 0:00:34]} Rxh7+ {[%clk 0:00:15]} 61. Nxh7
{[%clk 0:00:35]} 1-0

[Event "MPJ-Blitz-D12"]
[Site "Katowice"]
[Date "2015.08.15"]
[Round "21.3"]
[White "Budkiewicz, Magdalena"]
[Black "Czarniecka, Aleksandra"]
[Result "0-1"]
[BlackElo "1350"]
[WhiteElo "1412"]

1. e4 c5 2. Nf3 d6 3. d4 {[%clk 0:03:05]} cxd4 {[%clk 0:03:08]} 4. Nxd4
{[%clk 0:03:06]} Nf6 {[%clk 0:03:09]} 5. Nc3 {[%clk 0:03:07]} a6 {[%clk 0:03:11]}
6. f3 {[%clk 0:03:07]} e6 {[%clk 0:03:12]} 7. Be3 {[%clk 0:03:08]} b5
{[%clk 0:03:13]} 8. Qd2 {[%clk 0:03:08]} Bb7 {[%clk 0:03:13]} 9. O-O-O
{[%clk 0:03:07]} Nbd7 {[%clk 0:03:14]} 10. g4 {[%clk 0:03:06]} Ne5
{[%clk 0:03:14]} 11. h4 {[%clk 0:03:01]} Qc7 {[%clk 0:03:14]} 12. h5
{[%clk 0:02:59]} Nfd7 {[%clk 0:03:07]} 13. g5 {[%clk 0:02:54]} Nb6
{[%clk 0:03:07]} 14. g6 {[%clk 0:02:48]} hxg6 {[%clk 0:03:06]} 15. Kb1
{[%clk 0:02:35]} gxh5 {[%clk 0:03:03]} 16. Qg2 {[%clk 0:02:21]} Nbc4
{[%clk 0:02:59]} 17. Bxc4 {[%clk 0:02:19]} Nxc4 {[%clk 0:02:59]} 18. Bc1
{[%clk 0:02:20]} Rc8 {[%clk 0:02:36]} 19. Nce2 {[%clk 0:02:01]} Nb6
{[%clk 0:02:20]} 20. Ng3 {[%clk 0:01:53]} h4 {[%clk 0:02:16]} 21. Nf1
{[%clk 0:01:47]} d5 {[%clk 0:02:02]} 22. exd5 {[%clk 0:01:34]} Bxd5
{[%clk 0:01:56]} 23. Rh3 {[%clk 0:01:25]} Qc4 {[%clk 0:01:37]} 24. Nb3
{[%clk 0:01:16]} a5 {[%clk 0:01:23]} 25. Ne3 {[%clk 0:01:17]} Qc7
{[%clk 0:01:21]} 26. Nxd5 {[%clk 0:01:12]} Nxd5 {[%clk 0:01:22]} 27. Qe2
{[%clk 0:01:08]} Be7 {[%clk 0:01:17]} 28. Qxb5+ {[%clk 0:01:08]} Kf8
{[%clk 0:01:11]} 29. Qxa5 {[%clk 0:01:05]} Qxc2+ {[%clk 0:01:10]} 30. Ka1
{[%clk 0:01:03]} Qxd1 31. Qd2 {[%clk 0:00:49]} Qxd2 {[%clk 0:01:09]} 32. Bxd2
{[%clk 0:00:50]} Bb4 {[%clk 0:01:05]} 33. Bg5 {[%clk 0:00:45]} Rc4
{[%clk 0:00:52]} 34. a3 {[%clk 0:00:41]} Be7 {[%clk 0:00:51]} 35. Bd2
{[%clk 0:00:38]} Nf4 {[%clk 0:00:51]} 36. Rh1 {[%clk 0:00:34]} h3
{[%clk 0:00:52]} 37. Ka2 {[%clk 0:00:33]} h2 {[%clk 0:00:49]} 38. Be3
{[%clk 0:00:13]} Ne2 {[%clk 0:00:44]} 39. Bf2 {[%clk 0:00:12]} Rc2
{[%clk 0:00:36]} 0-1

[Event "MPJ-Blitz-D12"]
[Site "Katowice"]
[Date "2015.08.15"]
[Round "21.4"]
[White "Vanduyfhuys, Daria"]
[Black "Czarnecka, Lidia"]
[Result "0-1"]
[BlackElo "1459"]
[WhiteElo "1198"]

1. e4 {[%clk 0:03:03]} c5 {[%clk 0:03:03]} 2. Nf3 {[%clk 0:03:04]} d6
{[%clk 0:03:03]} 3. d4 {[%clk 0:03:05]} cxd4 {[%clk 0:03:05]} 4. Nxd4 Nf6 5. Nc3
{[%clk 0:03:02]} g6 {[%clk 0:03:04]} 6. Be3 {[%clk 0:03:01]} Bg7 {[%clk 0:03:05]}
7. Bb5+ {[%clk 0:03:01]} Bd7 {[%clk 0:03:05]} 8. Bxd7+ {[%clk 0:03:01]} Nbxd7
{[%clk 0:03:06]} 9. O-O {[%clk 0:02:59]} O-O {[%clk 0:03:04]} 10. Qe2
{[%clk 0:02:48]} Nc5 {[%clk 0:03:00]} 11. f3 {[%clk 0:02:38]} Rc8
{[%clk 0:03:00]} 12. Rad1 {[%clk 0:02:36]} Qc7 {[%clk 0:02:40]} 13. Qf2
{[%clk 0:02:05]} b6 {[%clk 0:02:38]} 14. Qe2 {[%clk 0:02:03]} Rfd8
{[%clk 0:02:34]} 15. Nb3 {[%clk 0:02:03]} Qb8 {[%clk 0:02:22]} 16. Nxc5
{[%clk 0:02:03]} bxc5 {[%clk 0:02:21]} 17. b3 {[%clk 0:02:01]} Qc7
{[%clk 0:02:06]} 18. Nd5 {[%clk 0:01:59]} Nxd5 {[%clk 0:02:06]} 19. Rxd5
{[%clk 0:01:59]} Qa5 {[%clk 0:02:01]} 20. a4 {[%clk 0:01:50]} Qb4
{[%clk 0:01:58]} 21. Bd2 {[%clk 0:01:41]} Qb6 {[%clk 0:01:59]} 22. Qe3
{[%clk 0:01:34]} Bd4 {[%clk 0:01:59]} 23. Rxd4 {[%clk 0:01:32]} cxd4
{[%clk 0:02:00]} 24. Qd3 {[%clk 0:01:29]} Qc5 {[%clk 0:01:58]} 25. Rc1
{[%clk 0:01:25]} Qb6 {[%clk 0:01:43]} 26. Kh1 {[%clk 0:01:23]} Rc6
{[%clk 0:01:40]} 27. c4 {[%clk 0:00:58]} dxc3 {[%clk 0:01:38]} 28. Rxc3
{[%clk 0:00:58]} Rxc3 {[%clk 0:01:36]} 29. Qxc3 {[%clk 0:01:00]} Qf2
{[%clk 0:01:30]} 30. h3 {[%clk 0:00:52]} Qb6 {[%clk 0:01:27]} 31. Bh6
{[%clk 0:00:51]} f6 {[%clk 0:01:26]} 32. Be3 {[%clk 0:00:46]} Qb7
{[%clk 0:01:24]} 33. b4 {[%clk 0:00:37]} Rc8 {[%clk 0:01:18]} 34. Qb3+
{[%clk 0:00:37]} Kg7 {[%clk 0:01:16]} 35. b5 {[%clk 0:00:36]} Rb8
{[%clk 0:01:04]} 36. Qe6 {[%clk 0:00:25]} Qc7 {[%clk 0:01:01]} 37. Qb3
{[%clk 0:00:12]} Rd8 {[%clk 0:00:47]} 0-1

[Event "MPJ-Blitz-D12"]
[Site "Katowice"]
[Date "2015.08.15"]
[Round "21.5"]
[White "Adamczyk, Zuzanna"]
[Black "Marcinczyk, Monika"]
[Result "1-0"]
[BlackElo "1394"]
[WhiteElo "1394"]

1. d4 Nf6 2. Nf3 g6 3. Bf4 Bg7 4. e3 O-O 5. Bd3 b6 6. O-O Bb7 7. h3 d5 8. Nbd2
Nbd7 9. Bh2 c5 10. c3 cxd4 11. exd4 e6 12. Re1 Rc8 13. Rc1 a6 14. Ne5 b5 15. f4
Nb6 16. b3 Nfd7 17. Ndf3 Re8 18. Nxd7 Nxd7 19. Ne5 Nxe5 20. fxe5 f5 21. exf6 Bxf6
22. Qg4 Qe7 23. Be5 Bxe5 24. Rxe5 Kg7 25. h4 Qf6 26. Rf1 Qe7 27. h5 Rf8 28. Rxf8
Rxf8 29. hxg6 h6 30. Rxe6 Qg5 31. Qxg5 hxg5 32. Re7+ Kg8 33. Rxb7 Re8 34. Kf2
Rf8+ 35. Kg3 Re8 36. Kf3 Rf8+ 37. Kg4 Rf6 38. Kxg5 Re6 39. Kh6 Re8 40. Rc7 Rd8
41. Rg7+ Kf8 42. Rh7 Kg8 43. g7 Rd6+ 44. Bg6 1-0

[Event "MPJ-Blitz-D12"]
[Site "Katowice"]
[Date "2015.08.15"]
[Round "22.1"]
[White "Waszczuk, Patrycja"]
[Black "Malicka, Maria"]
[Result "0-1"]
[BlackElo "1365"]
[WhiteElo "1481"]

1. e4 {[%clk 0:03:03]} e5 {[%clk 0:03:03]} 2. Nf3 Nc6 3. Bc4 {[%clk 0:03:01]} Bc5
{[%clk 0:03:05]} 4. c3 {[%clk 0:03:01]} Nf6 {[%clk 0:03:05]} 5. d3
{[%clk 0:03:02]} a6 {[%clk 0:03:03]} 6. Nbd2 {[%clk 0:03:03]} O-O
{[%clk 0:03:01]} 7. Bb3 {[%clk 0:02:59]} d6 {[%clk 0:02:58]} 8. h3
{[%clk 0:02:52]} Re8 {[%clk 0:02:51]} 9. O-O {[%clk 0:02:46]} Be6
{[%clk 0:02:51]} 10. Bc2 {[%clk 0:02:41]} Ba7 {[%clk 0:02:50]} 11. Re1
{[%clk 0:02:39]} Qd7 {[%clk 0:02:41]} 12. Nf1 {[%clk 0:02:33]} Ne7
{[%clk 0:02:29]} 13. Bg5 {[%clk 0:02:23]} Kh8 {[%clk 0:02:07]} 14. Bxf6
{[%clk 0:02:23]} gxf6 {[%clk 0:02:08]} 15. d4 {[%clk 0:02:17]} Rg8
{[%clk 0:02:08]} 16. Kh2 {[%clk 0:02:05]} Rg7 {[%clk 0:01:59]} 17. d5
{[%clk 0:02:00]} Bxh3 {[%clk 0:01:53]} 18. gxh3 {[%clk 0:01:55]} Bxf2
{[%clk 0:01:50]} 19. Re2 {[%clk 0:01:54]} Ba7 {[%clk 0:01:41]} 20. Rg2
{[%clk 0:01:43]} Rxg2+ {[%clk 0:01:37]} 21. Kxg2 {[%clk 0:01:43]} Rg8+
{[%clk 0:01:35]} 22. Kh2 {[%clk 0:01:42]} Ng6 {[%clk 0:01:34]} 23. Ng3
{[%clk 0:01:25]} Nf4 {[%clk 0:01:22]} 24. Qf1 {[%clk 0:01:24]} Rg6
{[%clk 0:01:05]} 25. Nf5 {[%clk 0:00:31]} Rg2+ {[%clk 0:00:58]} 26. Qxg2
{[%clk 0:00:31]} Nxg2 {[%clk 0:00:59]} 27. Kxg2 {[%clk 0:00:32]} c6
{[%clk 0:00:53]} 28. c4 {[%clk 0:00:31]} cxd5 {[%clk 0:00:50]} 29. cxd5
{[%clk 0:00:31]} Qb5 30. Bb3 {[%clk 0:00:14]} Qe2+ {[%clk 0:00:32]} 31. Kg3
{[%clk 0:00:11]} Bf2+ {[%clk 0:00:20]} 32. Kg4 {[%clk 0:00:11]} Qxe4+
{[%clk 0:00:20]} 33. Kh5 {[%clk 0:00:09]} Qxf5+ {[%clk 0:00:20]} 34. Kh6
{[%clk 0:00:10]} Qg6# 0-1

[Event "MPJ-Blitz-D12"]
[Site "Katowice"]
[Date "2015.08.15"]
[Round "22.2"]
[White "Tomczak, Marta"]
[Black "Harazinska, Magdalena"]
[Result "0-1"]
[BlackElo "1499"]
[WhiteElo "1276"]

1. e4 c5 2. c3 {[%clk 0:03:01]} d5 {[%clk 0:03:02]} 3. exd5 {[%clk 0:03:02]} Qxd5
{[%clk 0:03:03]} 4. d4 {[%clk 0:03:03]} e6 {[%clk 0:03:01]} 5. Nf3
{[%clk 0:03:04]} Nf6 {[%clk 0:03:03]} 6. Be3 {[%clk 0:03:05]} cxd4
{[%clk 0:02:57]} 7. cxd4 {[%clk 0:03:06]} Bb4+ {[%clk 0:02:57]} 8. Nc3
{[%clk 0:03:05]} O-O {[%clk 0:02:48]} 9. Be2 {[%clk 0:03:04]} Bd7
{[%clk 0:02:46]} 10. O-O {[%clk 0:03:04]} Bxc3 {[%clk 0:02:47]} 11. bxc3
{[%clk 0:03:05]} Bb5 {[%clk 0:02:48]} 12. Bxb5 {[%clk 0:02:59]} Qxb5
{[%clk 0:02:49]} 13. Rb1 {[%clk 0:03:00]} Qa6 {[%clk 0:02:43]} 14. Qc2
{[%clk 0:02:58]} Nc6 {[%clk 0:02:38]} 15. Rfd1 {[%clk 0:02:56]} Na5
{[%clk 0:02:33]} 16. Ne5 {[%clk 0:02:49]} Rac8 {[%clk 0:02:35]} 17. Qc1
{[%clk 0:02:44]} Nd5 {[%clk 0:02:31]} 18. Bd2 {[%clk 0:02:41]} b6
{[%clk 0:02:27]} 19. Qa3 {[%clk 0:02:28]} f6 {[%clk 0:02:15]} 20. Nf3
{[%clk 0:02:25]} Qc4 {[%clk 0:02:06]} 21. Qb2 {[%clk 0:02:09]} Nxc3
{[%clk 0:02:00]} 22. Kh1 {[%clk 0:01:44]} Nxd1 {[%clk 0:01:58]} 23. Rxd1
{[%clk 0:01:45]} Qc2 {[%clk 0:01:56]} 24. Qa1 {[%clk 0:01:38]} Nc4
{[%clk 0:01:45]} 25. Bb4 {[%clk 0:01:31]} Rfd8 {[%clk 0:01:41]} 26. Rc1
{[%clk 0:01:24]} Qxf2 {[%clk 0:01:40]} 27. Rf1 {[%clk 0:01:22]} Qc2
{[%clk 0:01:32]} 28. Rc1 {[%clk 0:01:18]} Qg6 {[%clk 0:01:27]} 29. Rd1
{[%clk 0:01:10]} Ne3 {[%clk 0:01:28]} 30. Rg1 {[%clk 0:01:10]} Rc2
{[%clk 0:01:28]} 31. Qe1 {[%clk 0:01:05]} Qd3 {[%clk 0:00:49]} 32. Bd2
{[%clk 0:00:45]} Nc4 {[%clk 0:00:48]} 33. Bf4 {[%clk 0:00:37]} Kf7
{[%clk 0:00:43]} 34. Qg3 {[%clk 0:00:29]} Qg6 {[%clk 0:00:29]} 35. Qe1
{[%clk 0:00:27]} Nb2 {[%clk 0:00:28]} 36. Bd2 {[%clk 0:00:20]} Nd3
{[%clk 0:00:21]} 37. Qe2 {[%clk 0:00:21]} Rxa2 {[%clk 0:00:15]} 38. Re1
{[%clk 0:00:18]} Nxe1 {[%clk 0:00:15]} 39. Qxe1 {[%clk 0:00:19]} Rc8
{[%clk 0:00:12]} 40. d5 {[%clk 0:00:14]} exd5 {[%clk 0:00:13]} 41. Nh4
{[%clk 0:00:08]} Qe4 {[%clk 0:00:12]} 42. Be3 {[%clk 0:00:05]} Rac2
{[%clk 0:00:11]} 43. Nf3 {[%clk 0:00:00]} Rc1 {[%clk 0:00:11]} 44. Bxc1
{[%clk 0:00:00]} Qxe1+ {[%clk 0:00:11]} 45. Nxe1 {[%clk 0:00:00]} Rxc1
{[%clk 0:00:11]} 46. Kg1 {[%clk 0:00:00]} Rxe1+ {[%clk 0:00:11]} 47. Kf2
{[%clk 0:00:00]} Re6 {[%clk 0:00:11]} 48. h3 {[%clk 0:00:00]} a5 {[%clk 0:00:11]}
0-1

[Event "MPJ-Blitz-D12"]
[Site "Katowice"]
[Date "2015.08.15"]
[Round "22.3"]
[White "Czarniecka, Aleksandra"]
[Black "Budkiewicz, Magdalena"]
[Result "1/2-1/2"]
[BlackElo "1412"]
[WhiteElo "1350"]

1. e4 {[%clk 0:03:04]} c5 {[%clk 0:03:04]} 2. Nf3 {[%clk 0:03:05]} d6
{[%clk 0:03:06]} 3. d4 cxd4 4. Nxd4 {[%clk 0:03:08]} Nf6 {[%clk 0:03:07]} 5. Nc3
{[%clk 0:03:09]} e6 {[%clk 0:03:08]} 6. f4 {[%clk 0:03:10]} a6 {[%clk 0:03:09]}
7. Nf3 {[%clk 0:03:10]} Be7 {[%clk 0:03:09]} 8. Bd3 {[%clk 0:03:11]} O-O
{[%clk 0:03:08]} 9. O-O {[%clk 0:03:13]} Nc6 {[%clk 0:03:08]} 10. a3
{[%clk 0:03:13]} b5 {[%clk 0:03:08]} 11. Kh1 {[%clk 0:03:12]} Bb7
{[%clk 0:03:09]} 12. Qe1 {[%clk 0:03:12]} Qc7 {[%clk 0:03:09]} 13. Qg3
{[%clk 0:03:10]} Kh8 {[%clk 0:03:08]} 14. Ng5 {[%clk 0:03:00]} h6
{[%clk 0:03:04]} 15. Nf3 {[%clk 0:02:57]} Nd7 {[%clk 0:03:01]} 16. Be3
{[%clk 0:02:48]} Nc5 {[%clk 0:02:56]} 17. Bxc5 {[%clk 0:02:48]} dxc5
{[%clk 0:02:57]} 18. e5 {[%clk 0:02:48]} Rad8 {[%clk 0:02:36]} 19. Rad1
{[%clk 0:02:37]} Nd4 {[%clk 0:02:32]} 20. Nxd4 {[%clk 0:02:34]} Rxd4
{[%clk 0:02:33]} 21. Ne2 {[%clk 0:02:23]} Rd7 {[%clk 0:02:31]} 22. Nc3
{[%clk 0:02:15]} 1/2-1/2

[Event "MPJ-Blitz-D12"]
[Site "Katowice"]
[Date "2015.08.15"]
[Round "22.4"]
[White "Czarnecka, Lidia"]
[Black "Vanduyfhuys, Daria"]
[Result "0-1"]
[BlackElo "1198"]
[WhiteElo "1459"]

1. e4 {[%clk 0:03:03]} c5 {[%clk 0:03:04]} 2. Nf3 {[%clk 0:03:04]} Nc6
{[%clk 0:03:05]} 3. d4 {[%clk 0:03:05]} cxd4 {[%clk 0:03:06]} 4. Nxd4
{[%clk 0:03:07]} e5 {[%clk 0:03:07]} 5. Nb5 {[%clk 0:03:06]} d6 {[%clk 0:03:07]}
6. N1c3 {[%clk 0:03:07]} a6 {[%clk 0:03:08]} 7. Na3 {[%clk 0:03:07]} Nf6
{[%clk 0:03:08]} 8. Bg5 {[%clk 0:03:08]} Be7 {[%clk 0:03:09]} 9. Bxf6
{[%clk 0:03:09]} gxf6 {[%clk 0:03:09]} 10. Nd5 {[%clk 0:03:10]} f5
{[%clk 0:02:53]} 11. f3 {[%clk 0:02:59]} fxe4 {[%clk 0:02:49]} 12. fxe4
{[%clk 0:03:00]} Bh4+ {[%clk 0:02:43]} 13. g3 {[%clk 0:03:01]} Bg5
{[%clk 0:02:42]} 14. Bg2 {[%clk 0:02:51]} Ne7 {[%clk 0:02:41]} 15. O-O
{[%clk 0:02:47]} Nxd5 {[%clk 0:02:41]} 16. Qxd5 {[%clk 0:02:47]} Qe7
{[%clk 0:02:28]} 17. Rad1 {[%clk 0:02:47]} Be3+ {[%clk 0:02:25]} 18. Kh1
{[%clk 0:02:48]} Bc5 {[%clk 0:02:25]} 19. c3 {[%clk 0:02:47]} Be6
{[%clk 0:02:19]} 20. Qd2 {[%clk 0:02:45]} O-O-O {[%clk 0:02:11]} 21. b4
{[%clk 0:02:42]} Bb6 {[%clk 0:02:07]} 22. c4 {[%clk 0:02:37]} Kb8
{[%clk 0:02:06]} 23. Qc3 {[%clk 0:02:35]} Rc8 {[%clk 0:02:04]} 24. Qd3
{[%clk 0:02:36]} Rhd8 {[%clk 0:01:58]} 25. Rc1 {[%clk 0:02:34]} Bd4
{[%clk 0:01:52]} 26. Rc2 {[%clk 0:02:15]} Rc7 {[%clk 0:01:25]} 27. Rfc1
{[%clk 0:02:16]} Rdc8 {[%clk 0:01:26]} 28. b5 {[%clk 0:02:09]} Bc5
{[%clk 0:01:20]} 29. Bf1 {[%clk 0:02:05]} Bxa3 {[%clk 0:01:18]} 30. Qxa3
{[%clk 0:02:06]} axb5 {[%clk 0:01:17]} 31. Rd1 {[%clk 0:02:01]} bxc4
{[%clk 0:01:04]} 32. Qxd6 {[%clk 0:01:52]} Qxd6 {[%clk 0:01:04]} 33. Rxd6
{[%clk 0:01:54]} Rc6 {[%clk 0:01:01]} 34. Rd1 {[%clk 0:01:53]} Bg4
{[%clk 0:00:52]} 35. Rdc1 {[%clk 0:01:54]} Bf3+ {[%clk 0:00:51]} 36. Bg2
{[%clk 0:01:53]} Bxg2+ {[%clk 0:00:49]} 37. Kxg2 {[%clk 0:01:54]} Ka7
{[%clk 0:00:48]} 38. Rc3 {[%clk 0:01:54]} Kb6 {[%clk 0:00:49]} 39. Rb1+
{[%clk 0:01:52]} Kc7 {[%clk 0:00:50]} 40. Rf1 {[%clk 0:01:51]} Rf8
{[%clk 0:00:46]} 41. Rf5 {[%clk 0:01:52]} Kd6 {[%clk 0:00:38]} 42. Kf2
{[%clk 0:01:45]} b5 {[%clk 0:00:38]} 43. a3 {[%clk 0:01:43]} f6 {[%clk 0:00:38]}
44. Ke3 {[%clk 0:01:43]} Ke6 {[%clk 0:00:38]} 45. Rh5 {[%clk 0:01:43]} Rf7
{[%clk 0:00:39]} 46. Rf5 {[%clk 0:01:44]} Rfc7 {[%clk 0:00:38]} 47. Rf1
{[%clk 0:01:41]} Ra7 {[%clk 0:00:37]} 48. Rb1 {[%clk 0:01:41]} Ra5
{[%clk 0:00:27]} 49. Kf2 {[%clk 0:01:35]} Rca6 {[%clk 0:00:28]} 50. Kg1
{[%clk 0:01:32]} Kd6 {[%clk 0:00:26]} 51. Rd1+ {[%clk 0:01:33]} Ke6
{[%clk 0:00:26]} 52. Rb1 {[%clk 0:01:34]} Rxa3 {[%clk 0:00:23]} 53. Rxa3
{[%clk 0:01:35]} Rxa3 {[%clk 0:00:24]} 54. Rxb5 {[%clk 0:01:37]} c3
{[%clk 0:00:20]} 55. Rc5 {[%clk 0:01:38]} Kd6 {[%clk 0:00:21]} 56. Rc8
{[%clk 0:01:39]} Ra1+ {[%clk 0:00:21]} 57. Kg2 {[%clk 0:01:40]} Rc1
{[%clk 0:00:22]} 58. Kh3 Kd7 {[%clk 0:00:14]} 59. Rc4 {[%clk 0:01:38]} Ke6
{[%clk 0:00:14]} 60. Kg4 {[%clk 0:01:36]} c2 {[%clk 0:00:14]} 61. h4
{[%clk 0:01:31]} Kf7 {[%clk 0:00:14]} 62. Rc7+ {[%clk 0:01:32]} Kg6
{[%clk 0:00:13]} 63. h5+ {[%clk 0:01:31]} Kh6 {[%clk 0:00:14]} 64. Rc6
{[%clk 0:01:31]} Kg7 {[%clk 0:00:11]} 65. h6+ {[%clk 0:01:22]} Kxh6
{[%clk 0:00:09]} 66. Rxf6+ {[%clk 0:01:23]} Kg7 {[%clk 0:00:10]} 67. Rc6
{[%clk 0:01:24]} Re1 {[%clk 0:00:09]} 68. Rxc2 {[%clk 0:01:23]} Rxe4+
{[%clk 0:00:10]} 69. Kf5 {[%clk 0:01:22]} Re3 {[%clk 0:00:10]} 70. g4
{[%clk 0:01:22]} e4 {[%clk 0:00:09]} 71. Rc7+ {[%clk 0:01:23]} Kg8
{[%clk 0:00:10]} 72. Kf4 {[%clk 0:01:21]} Re1 {[%clk 0:00:10]} 73. Re7
{[%clk 0:01:22]} e3 {[%clk 0:00:09]} 74. Kg5 {[%clk 0:01:19]} e2 {[%clk 0:00:04]}
75. Re8+ {[%clk 0:01:15]} Kf7 {[%clk 0:00:05]} 76. Re3 {[%clk 0:01:16]} h6+
{[%clk 0:00:05]} 77. Kxh6 {[%clk 0:01:14]} Rh1+ {[%clk 0:00:07]} 78. Kg5
{[%clk 0:01:15]} e1=Q {[%clk 0:00:07]} 79. Rxe1 {[%clk 0:01:14]} Rxe1
{[%clk 0:00:08]} 80. Kf5 {[%clk 0:01:13]} Rg1 {[%clk 0:00:09]} 81. g5
{[%clk 0:01:14]} Kg7 {[%clk 0:00:10]} 82. Kf4 {[%clk 0:01:14]} Kg6
{[%clk 0:00:11]} 83. Ke4 {[%clk 0:01:14]} Rxg5 {[%clk 0:00:12]} 84. Kf4
{[%clk 0:01:15]} Ra5 {[%clk 0:00:13]} 85. Ke4 {[%clk 0:01:16]} Kf6
{[%clk 0:00:14]} 86. Kf4 {[%clk 0:01:17]} Ra4+ {[%clk 0:00:16]} 87. Ke3
{[%clk 0:01:18]} Ke5 {[%clk 0:00:17]} 88. Kd3 {[%clk 0:01:20]} Rh4
{[%clk 0:00:19]} 89. Kc3 {[%clk 0:01:21]} Kd5 {[%clk 0:00:20]} 90. Kb3
{[%clk 0:01:22]} Kc5 {[%clk 0:00:22]} 91. Kc3 {[%clk 0:01:23]} Rh3+
{[%clk 0:00:23]} 92. Kd2 {[%clk 0:01:24]} Kd4 {[%clk 0:00:24]} 93. Ke2
{[%clk 0:01:26]} Ra3 {[%clk 0:00:25]} 94. Kd2 {[%clk 0:01:27]} Ra2+
{[%clk 0:00:27]} 95. Kc1 {[%clk 0:01:28]} Kc3 {[%clk 0:00:28]} 96. Kd1
{[%clk 0:01:30]} Rh2 {[%clk 0:00:28]} 97. Ke1 {[%clk 0:01:31]} Ra2
{[%clk 0:00:29]} 98. Kd1 {[%clk 0:01:31]} Rb2 {[%clk 0:00:30]} 99. Kc1
{[%clk 0:01:31]} Rh2 100. Kd1 Rg2 {[%clk 0:00:28]} 101. Ke1 {[%clk 0:01:34]} Kd3
102. Kf1 Ra2 {[%clk 0:00:30]} 103. Ke1 {[%clk 0:01:37]} Rb2 {[%clk 0:00:31]} 104.
Kf1 {[%clk 0:01:37]} Ke3 {[%clk 0:00:33]} 105. Kg1 {[%clk 0:01:38]} Kf3
{[%clk 0:00:34]} 106. Kh1 Kg3 107. Kg1 {[%clk 0:01:38]} Rb1# {[%clk 0:00:34]} 0-1

[Event "MPJ-Blitz-D12"]
[Site "Katowice"]
[Date "2015.08.15"]
[Round "22.5"]
[White "Marcinczyk, Monika"]
[Black "Adamczyk, Zuzanna"]
[Result "0-1"]
[BlackElo "1394"]
[WhiteElo "1394"]

1. e4 c5 2. Nf3 a6 3. d4 cxd4 4. Nxd4 Nf6 5. Nc3 e5 6. Nde2 Nc6 7. g3 Bb4 8. a3
Be7 9. Bg2 O-O 10. O-O d6 11. Qd3 Be6 12. f4 exf4 13. Bxf4 Ne5 14. Bxe5 dxe5 15.
Qxd8 Rfxd8 16. Rad1 Bc5+ 17. Kh1 Rac8 18. Rd3 Rxd3 19. cxd3 Ba7 20. b4 Rd8 21.
Rd1 Bb3 22. Rd2 Be3 23. Rb2 Be6 24. Nd1 Rxd3 25. Nxe3 Rxe3 26. Rd2 h6 27. Kg1
Rxa3 28. Rb2 Re3 29. Kf2 Rd3 30. Nc1 Rd4 31. Ne2 Rc4 32. Ke3 Ng4+ 33. Kd3 Nf2+
34. Kd2 Nxe4+ 35. Ke3 f5 36. b5 Ra4 37. bxa6 bxa6 38. Bxe4 Rxe4+ 39. Kf2 Bc4 40.
Nc3 Rd4 41. Ne2 Bxe2 42. Rxe2 e4 43. Ke3 Rc4 44. Kf4 Rc5 45. Ra2 a5 46. h3 g6 47.
h4 Kf7 48. Ra4 Ke6 49. Ra2 Kd6 50. Ra3 Ke6 51. Ra4 Kd6 52. Ra3 Kc6 53. Ra4 Kb5
54. Ra1 a4 55. Rb1+ Ka5 56. Rb8 a3 57. Ra8+ Kb4 58. Rb8+ Kc3 59. Ra8 Kb2 60. Rb8+
Ka1 61. g4 a2 62. g5 h5 63. Rb6 Rc1 64. Rxg6 Rf1+ 65. Ke3 Kb1 66. Rb6+ Kc2 67.
Ra6 a1=Q 68. Rxa1 Rxa1 69. g6 Rg1 70. g7 Rxg7 71. Kf2 f4 72. Ke2 f3+ 73. Ke3 Re7
74. Kf2 Kd2 75. Kf1 e3 76. Kg1 e2 77. Kh2 e1=Q 78. Kh3 Qf1+ 79. Kh2 Re2+ 80. Kg3
Qg2+ 81. Kf4 Qg4# 0-1